| 000 | 00914cam a22003015a 4500 | ||
|---|---|---|---|
| 001 | 016621307 | ||
| 003 | OSt | ||
| 005 | 20201128023811.0 | ||
| 008 | 140129t2015 nyua frb 001 0 eng d | ||
| 020 | _a9781259094873 | ||
| 020 | _a1259094871 | ||
| 040 |
_aStDuBDS _beng _cStDuBDS _dUk _dEG-ScBUE |
||
| 082 | 0 | 4 |
_a330 _222 _bGUE |
| 100 | 1 |
_aGuell, Robert C. _940801 |
|
| 245 | 1 | 0 |
_aIssues in economics today / _cRobert C. Guell. |
| 250 | _a7th ed., International student ed. | ||
| 260 |
_aNew York : _bMcGraw Hill Education, _cc.2015. |
||
| 300 |
_axxvii, 478 p : _bill. ; _c26 cm. |
||
| 500 | _aPrevious edition : 2012. | ||
| 500 | _aIndex : p. 459-478. | ||
| 504 | _aIncludes bibliographical references. | ||
| 650 | 7 |
_aEconomics. _2BUEsh _9720 |
|
| 651 | _2BUEsh | ||
| 653 |
_bBUSADM _cAugust 2016 |
||
| 653 |
_bBUSECO _cNovember2016 |
||
| 690 | 7 |
_aManagement and Business Studies _2blcoll |
|
| 942 | _2ddc | ||
| 999 |
_c22198 _d22170 |
||